[Event "HET B - Gruppe   2024"]
[Site "Hamburg"]
[Date "2024.05.26"]
[Round "7.1"]
[White "Blix, Hauke"]
[Black "Wereida, Moustafa"]
[Result "0-1"]
[WhiteElo "1555"]
[BlackElo "921"]
[PlyCount "136"]
[EventDate "2024.??.??"]
[WhiteTeam "Hamburger SK von 1830 eV"]
[BlackTeam "SK Johanneum Eppendorf"]

1. e4 e5 2. Nf3 Nc6 3. Bc4 Bc5 4. O-O Nf6 5. d3 d6 6. h3 Be6 7. Bxe6 fxe6 8. Bg5 Qd7 9. Nc3 O-O-O 10. Na4 h6 11. Nxc5 dxc5 12. Bh4 Qf7 13. Bg3 Nxe4 14. Nxe5 Nxe5 15. Bxe5 Qf5 16. Bh2 g5 17. Qe2 Nd6 18. f3 Rhg8 19. Qe5 h5 20. Qxf5 Nxf5 21. Rfe1 Rg6 22. Re5 b6 23. Rae1 Kd7 24. c3 g4 25. hxg4 hxg4 26. fxg4 Rxg4 27. R5e4 Rg6 28. d4 cxd4 29. cxd4 Ke7 30. Rd1 c5 31. d5 Rdg8 32. d6+ Kd7 33. Rd2 Nd4 34. Re3 Rf8 35. Rf2 Rxf2 36. Kxf2 Nf5 37. Rf3 c4 38. Rh3 Rg7 39. Be5 Rf7 40. Kg1 Nxd6 41. a4 a6 42. Rh4 b5 43. Rd4 Rf5 44. Rxd6+ Ke7 45. Bh2 a5 46. Rd4 b4 47. Rxc4 Rd5 48. Kf1 e5 49. Bg1 Rd1+ 50. Kf2 Rd2+ 51. Kf3 Rxb2 52. Rc5 Ke6 53. Rxa5 Rb1 54. Bc5 b3 55. Rb5 b2 56. Ba3 Rf1+ 57. Ke2 b1=Q 58. Rxb1 Rxb1 59. a5 Ra1 60. Bb4 Ra4 61. Bd2 Kf5 62. g3 Kg4 63. Be1 Ra3 64. Kf1 Ra2 65. Kg1 Ra1 66. Kf2 Ra3 67. Ke2 e4 68. Kf1 Kf3 0-1

[Event "HET B - Gruppe   2024"]
[Site "Hamburg"]
[Date "2024.05.26"]
[Round "7.2"]
[White "Tockhorn, Johannes"]
[Black "Toman, Darius"]
[Result "0-1"]
[WhiteElo "1311"]
[BlackElo "1274"]
[PlyCount "62"]
[EventDate "2024.??.??"]
[WhiteTeam "Bergstedter SK von 1962"]
[BlackTeam "FC ST.Pauli 1910 eV SAbt"]

1. e4 e5 2. d4 exd4 3. c3 d5 4. exd5 Qxd5 5. Nf3 Nf6 6. Qxd4 Qxd4 7. Nxd4 Bc5 8. Nb3 Bb6 9. Bc4 O-O 10. O-O Re8 11. h3 Nc6 12. Bg5 Ne4 13. Bh4 g5 14. Bxg5 Nxg5 15. N1d2 Bf5 16. Kh1 Ne5 17. f4 Nxc4 18. Nxc4 Ne4 19. Kh2 Be6 20. Nxb6 axb6 21. f5 Bxb3 22. axb3 Nd2 23. Rfd1 Rxa1 24. Rxa1 Nxb3 25. Rd1 Kg7 26. Kg3 Re2 27. Rd7 Rxb2 28. Rxc7 Nc5 29. Re7 Rc2 30. h4 Rxc3+ 31. Kg4 Kf6 0-1

[Event "HET B - Gruppe   2024"]
[Site "Hamburg"]
[Date "2024.05.26"]
[Round "7.3"]
[White "Erk, Ben"]
[Black "Lee, Hsin-Chieh"]
[Result "1-0"]
[WhiteElo "1146"]
[BlackElo "1186"]
[PlyCount "62"]
[EventDate "2024.??.??"]
[WhiteTeam "SK Weisse Dame Hamburg"]
[BlackTeam "Barmbeker SK 1926 eV"]

1. e4 e6 2. b3 d5 3. Bb2 b6 4. exd5 exd5 5. d3 d4 6. Nd2 c5 7. Ngf3 Nf6 8. Qe2+ Qe7 9. O-O-O Nc6 10. Ne4 Be6 11. Re1 h6 12. Nxf6+ Qxf6 13. Qe4 Rc8 14. g4 Be7 15. Rg1 g5 16. a3 O-O 17. h4 Bd6 18. Kb1 Bf4 19. hxg5 Bxg5 20. Nxg5 Qxg5 21. f4 Qg7 22. g5 Rfe8 23. g6 f5 24. Qh1 Bd7 25. Qd5+ Kf8 26. Qd6+ Re7 27. Rxe7 Qxe7 28. g7+ Kg8 29. Qxh6 Kf7 30. Qh5+ Kg8 31. Qh8+ Kf7 1-0

[Event "HET B - Gruppe   2024"]
[Site "Hamburg"]
[Date "2024.05.26"]
[Round "7.4"]
[White "Busch, Jonathan Luis"]
[Black "Nießen, Luke"]
[Result "1-0"]
[WhiteElo "1237"]
[BlackElo "1341"]
[PlyCount "67"]
[EventDate "2024.??.??"]
[WhiteTeam "SC Schachelschweine e.V."]
[BlackTeam "SC Schachelschweine e.V."]

1. e4 c6 2. Nf3 d5 3. exd5 cxd5 4. Ne5 Nf6 5. d4 e6 6. Bd3 Bd6 7. f4 Qb6 8. c3 Nbd7 9. Qe2 Qc7 10. O-O a6 11. a4 Rb8 12. Nd2 Nf8 13. Ndf3 Bd7 14. Ng5 Ng6 15. Ngxf7 O-O 16. Nxd6 Qxd6 17. Nxg6 hxg6 18. Bxg6 b5 19. axb5 Bxb5 20. Bd3 Bxd3 21. Qxd3 Ra8 22. Bd2 Ne4 23. g3 Rf6 24. Kg2 Rh6 25. f5 Nxd2 26. Qxd2 exf5 27. Rxf5 Qe6 28. Raf1 Re8 29. R1f2 Qe4+ 30. R5f3 Rf6 31. Qd3 Rxf3 32. Qxf3 Qe6 33. Qf5 Qd7 34. Qxd7 1-0

[Event "HET B - Gruppe   2024"]
[Site "Hamburg"]
[Date "2024.05.26"]
[Round "7.7"]
[White "Krüger, Dietrich"]
[Black "Morozov, Viktor"]
[Result "0-1"]
[WhiteElo "1476"]
[BlackElo "1319"]
[PlyCount "90"]
[EventDate "2024.??.??"]
[WhiteTeam "Barmbeker SK 1926 eV"]
[BlackTeam "SC Schachelschweine e.V."]

1. d4 d5 2. Bf4 e6 3. Nf3 c5 4. e3 Nf6 5. Nbd2 Nc6 6. Bb5 Qb6 7. Bxc6+ bxc6 8. b3 cxd4 9. exd4 Bb4 10. O-O Bc3 11. Rb1 Bxd4 12. Be5 Bxe5 13. Nxe5 Nd7 14. Qe2 O-O 15. c4 Rd8 16. Rbc1 f6 17. Ng4 Nf8 18. c5 Qa5 19. Nf3 Ba6 20. Qc2 Bxf1 21. Rxf1 e5 22. h4 Ne6 23. h5 Qxc5 24. Qd2 Qe7 25. Nh4 Nd4 26. f4 Qc5 27. Kh1 e4 28. h6 Rf8 29. hxg7 Kxg7 30. f5 Kf7 31. Qh6 Ke7 32. Qxh7+ Kd8 33. Ng6 Ne2 34. Nf4 Nxf4 35. Rxf4 Qc1+ 36. Kh2 Qxf4+ 37. Kh3 Qc7 38. Qg6 Qf7 39. Qh6 Ke7 40. Kg3 Rh8 41. Qc1 Kd7 42. Qc3 Rag8 43. Kf4 Rxg4+ 44. Kxg4 Qh5+ 45. Kf4 Qg5# 0-1